| 000 | 00378 a2200157 4500 | ||
|---|---|---|---|
| 001 | 58791 | ||
| 020 | _a852150103X | ||
| 040 | _cAnchieta - Pituba | ||
| 100 | _aFranco, Denize de Azevedo | ||
| 240 | 1 | 0 |
_aHistória das sociedades _lpor |
| 245 | 1 | 0 | _aHistória das sociedades |
| 300 | _a383 | ||
| 362 | 0 | _a1988 | |
| 650 | 4 | _aHistória do mundo antigo até 499 AC. | |
| 942 | _cBK | ||
| 999 |
_c58791 _d58791 |
||